00778 a2200205 4500008004100000010001400041020002300055035001300078037001800091082001100109100001700120245003400137260003600171270011200207300002900319500004000348942004500388999001300433952012600446080820t xxu||||| |||| 00| 0 eng d aENG-84824 a8181160347c675.00 aEN-68357 bD.B.Act / Pub a382.92 aNigam, R. L. aWTO and Indiacby R. L. Nigam aNew DelhibMaxford Booksc2006. a4393/4, First Floor, Ansari Road, Darya Ganj, New DelhibNew DelhicDelhie110002mmaxfordbooks@hotmail.com ax, 326 p. ;c22 cm. (Hb) aIncludes bibliographical references adplcENk382.92 / NIG2ddch382.92 mNIG c483d483 00104070aDBADbDBADd2008-08-20g675.00l0o382.92 NIGpEN-68357r2008-09-15 00:00:00t1u507v675.00w2008-09-15yEN